00473nam a22001097a 4500041001200000082001600012100001900028245019500047260009500242300000800337650001800345 aENGLISH a270.82bIDI aIdiculla Manoj aAn Ecumenical Journey Towards Transformation: A Festschrift volume in Honour of His Grace the Rt.Revd Dr.Isaac Mar PHiloxenos on the Occasion of the Episcopal Silver Jubilee October 2, 2018  aKeralabDiocese of North America and Europe of the Mar Thoma Church & CSS THiruvallac2018 a380 aEcumenicalism